[Event "Baltic Pearl op 15th"]
[Site "Lazy"]
[Date "2019.06.25"]
[Round "3"]
[White "Sobczynski, Roman"]
[Black "Luczak, Filip"]
[Result "0-1"]
[WhiteElo "1849"]
[BlackElo "2114"]
[PlyCount "70"]
[EventDate "2019.06.23"]
[EventType "swiss"]
[EventRounds "9"]
[EventCountry "POL"]
[SourceTitle "CBM 191 Extra"]
[Source "ChessBase"]
[SourceDate "2019.09.30"]
[SourceVersion "1"]
[SourceVersionDate "2019.09.30"]
[SourceQuality "1"]

1. e4 c5 2. Nf3 d6 3. d4 cxd4 4. Nxd4 Nf6 5. Nc3 a6 6. Be2 e5 7. Nb3 Be7 8. a4 0-0 9. 0-0 Be6 10. f4 exf4 11. Bxf4 Nc6 12. Kh1 d5 13. exd5 Nxd5 14. Nxd5 Bxd5 15. Bf3 Bxb3 16. cxb3 Bf6 17. Bxc6 bxc6 18. Qc2 Qb6 19. Rf3 Rfe8 20. Raf1 Re6 21. Qc4 Rae8 22. Bd2 Re4 23. Qc1 c5 24. Bg5 Bxg5 25. Qxg5 f6 26. Qd5+ Kh8 27. h3 h6 28. Qf7 Qd6 29. Qg6 Re1 30. Qf5 R8e5 31. Qg4 a5 32. Qg3 Qd1 33. Kg1 Qd4+ 34. Qf2 Rxf1+ 35. Kxf1 Qd1+ 0-1

[Event "Rubinstein Memorial-C 54th"]
[Site "Polanica Zdroj"]
[Date "2018.08.19"]
[Round "2"]
[White "Sobczynski, Roman"]
[Black "Wojcik, Grzegorz"]
[Result "0-1"]
[WhiteElo "1915"]
[BlackElo "1606"]
[PlyCount "47"]
[EventDate "2018.08.18"]
[EventType "swiss"]
[EventRounds "9"]
[EventCountry "POL"]
[SourceTitle "EXT 2020"]
[Source "ChessBase"]
[SourceDate "2019.10.17"]
[SourceVersion "1"]
[SourceVersionDate "2019.10.17"]
[SourceQuality "1"]

1. e4 d6 2. d4 g6 3. Nf3 Bg7 4. Bc4 Nf6 5. Qe2 0-0 6. Nc3 Bg4 7. e5 dxe5 8. dxe5 Nfd7 9. e6 Ne5 10. exf7+ Kh8 11. Bg5 Bxf3 12. gxf3 Nbc6 13. Bd5 Nd4 14. Qd1 c6 15. Be3 Nxc2+ 16. Qxc2 cxd5 17. 0-0-0 e6 18. h4 Nxf3 19. h5 g5 20. h6 Be5 21. Qe2 Rxf7 22. Rh3 Qf6 23. Bd2 Nxd2 24. Qxe5 0-1

[Event "Kowalewo Pomorskie op"]
[Site "Kowalewo Pomorskie"]
[Date "2013.07.12"]
[Round "4"]
[White "Kindler, Przemyslaw"]
[Black "Sobczynski, Roman"]
[Result "1/2-1/2"]
[WhiteElo "1768"]
[BlackElo "1880"]
[PlyCount "108"]
[EventDate "2013.07.10"]
[EventType "swiss"]
[EventRounds "9"]
[EventCountry "POL"]
[SourceTitle "CBM 155 Extra"]
[Source "ChessBase"]
[SourceDate "2013.08.26"]
[SourceVersion "1"]
[SourceVersionDate "2013.08.26"]
[SourceQuality "1"]

1. e4 c5 2. Nf3 d6 3. d4 cxd4 4. Nxd4 Nf6 5. Nc3 a6 6. h3 Qc7 7. g4 e5 8. Nde2 h6 9. Bg2 Be6 10. 0-0 Be7 11. f4 Nbd7 12. Be3 Nb6 13. b3 exf4 14. Nxf4 Rc8 15. Ncd5 Bxd5 16. exd5 0-0 17. c4 Nbd7 18. Rc1 Nh7 19. Ne2 Bf6 20. Ng3 Rfe8 21. Bf4 Be5 22. Qf3 Nc5 23. Bxe5 Rxe5 24. h4 Rce8 25. Nf5 Ne4 26. Rc2 Nhf6 27. Re2 b5 28. Qf4 Nc3 29. Rxe5 Rxe5 30. Nxh6+ Kf8 31. Qf3 Ne2+ 32. Kh1 gxh6 33. Rf2 Qe7 34. Qxf6 Qxf6 35. Rxf6 Ke7 36. Rxh6 Nf4 37. cxb5 axb5 38. Bf1 Rxd5 39. a4 bxa4 40. bxa4 Rd1 41. Kg1 Nh3+ 42. Kg2 Nf4+ 43. Kf2 Ra1 44. Bb5 Nd5 45. Rh7 Nc3 46. Bc4 d5 47. Bd3 Rxa4 48. g5 Ke6 49. h5 Rg4 50. g6 fxg6 51. Bxg6 Ne4+ 52. Ke3 Rh4 53. Rh8 Ng5 54. h6 Kf6 1/2-1/2

[Event "Kowalewo Pomorskie op"]
[Site "Kowalewo Pomorskie"]
[Date "2013.07.11"]
[Round "2"]
[White "Machlowski, Slawomir"]
[Black "Sobczynski, Roman"]
[Result "1-0"]
[WhiteElo "2159"]
[BlackElo "1880"]
[PlyCount "39"]
[EventDate "2013.07.10"]
[EventType "swiss"]
[EventRounds "9"]
[EventCountry "POL"]
[SourceTitle "CBM 155 Extra"]
[Source "ChessBase"]
[SourceDate "2013.08.26"]
[SourceVersion "1"]
[SourceVersionDate "2013.08.26"]
[SourceQuality "1"]

1. d4 d5 2. c4 e6 3. Nf3 Nf6 4. g3 Bb4+ 5. Bd2 Bxd2+ 6. Nbxd2 0-0 7. Bg2 Nbd7 8. Qc2 Re8 9. Rd1 c6 10. 0-0 Qa5 11. h3 e5 12. cxd5 Nxd5 13. Ne4 Qb4 14. dxe5 Qe7 15. h4 h6 16. Nd6 Rf8 17. Bh3 N5b6 18. Qc3 Nd5 19. Qd4 f5 20. Nxf5 1-0

[Event "Kowalewo Pomorskie op"]
[Site "Kowalewo Pomorskie"]
[Date "2013.07.11"]
[Round "3"]
[White "Sobczynski, Roman"]
[Black "Smal, Tobiasz"]
[Result "1/2-1/2"]
[WhiteElo "1880"]
[BlackElo "1893"]
[PlyCount "79"]
[EventDate "2013.07.10"]
[EventType "swiss"]
[EventRounds "9"]
[EventCountry "POL"]
[SourceTitle "CBM 155 Extra"]
[Source "ChessBase"]
[SourceDate "2013.08.26"]
[SourceVersion "1"]
[SourceVersionDate "2013.08.26"]
[SourceQuality "1"]

1. e4 c5 2. Nf3 d6 3. d4 cxd4 4. Nxd4 Nf6 5. Nc3 a6 6. Be2 e6 7. 0-0 Be7 8. a4 Qc7 9. Be3 Nbd7 10. a5 0-0 11. f4 b5 12. axb6 Nxb6 13. Kh1 Bb7 14. Bd3 Nc4 15. Bc1 Rfc8 16. Qe2 d5 17. e5 Nd7 18. Rf3 g6 19. Nb3 Bb4 20. Rh3 Ncxe5 21. fxe5 Nxe5 22. Bf4 Bd6 23. Rf1 Nxd3 24. Bxd6 Qxd6 25. Qxd3 f5 26. Nd4 Rf8 27. Qe3 Rae8 28. Qh6 Re7 29. Nf3 d4 30. Ng5 Qd7 31. Ne2 e5 32. Ng3 Rg7 33. Nxh7 Rxh7 34. Qxg6+ Rg7 35. Qh5 f4 36. Qh8+ Kf7 37. Qh5+ Kg8 38. Qh8+ Kf7 39. Qh5+ Kg8 40. Qh8+ 1/2-1/2

[Event "Kowalewo Pomorskie op-B 17th"]
[Site "Kowalewo Pomorskie"]
[Date "2010.07.04"]
[Round "1"]
[White "Kozlowski, Cezary"]
[Black "Sobczynski, Roman"]
[Result "0-1"]
[WhiteElo "1620"]
[BlackElo "1857"]
[PlyCount "98"]
[EventDate "2010.07.04"]
[EventType "swiss"]
[EventRounds "9"]
[EventCountry "POL"]
[SourceTitle "EXT 2011"]
[Source "ChessBase"]
[SourceDate "2010.11.26"]
[SourceVersion "1"]
[SourceVersionDate "2010.11.26"]
[SourceQuality "1"]

1. e4 c5 2. Nf3 d6 3. d4 cxd4 4. Nxd4 Nf6 5. Nc3 a6 6. Bc4 Qc7 7. Bb3 e6 8. Be3 Be7 9. f4 0-0 10. 0-0 Nc6 11. Nxc6 bxc6 12. Kh1 d5 13. e5 Nd7 14. Ne2 c5 15. c3 Bb7 16. Bc2 f5 17. Ng1 Nb6 18. Nf3 Rac8 19. Bd3 Rfd8 20. Qe2 Ra8 21. h3 Kh8 22. Rac1 a5 23. Bf2 a4 24. Rfe1 c4 25. Bb1 a3 26. b4 cxb3 27. axb3 Bc5 28. Bd4 Rdc8 29. Qc2 Ba6 30. Kh2 Qe7 31. Qf2 Nd7 32. Qd2 h6 33. g4 g6 34. g5 h5 35. Ba2 Qd8 36. Nh4 Kg7 37. Nf3 Qb6 38. Kg3 Qb7 39. h4 Rc7 40. Kh3 Kf7 41. Kg3 Rac8 42. Kh3 Nb8 43. Qe3 Bxd4 44. cxd4 Nc6 45. Qd2 Nb4 46. Rxc7+ Rxc7 47. Bb1 Qb5 48. Rc1 Rxc1 49. Qxc1 a2 0-1

[Event "Kowalewo Pomorskie op-B"]
[Site "Kowalewo Pomorskie"]
[Date "2008.07.07"]
[Round "4.15"]
[White "Zebracki, Tomasz"]
[Black "Sobczynski, Roman"]
[Result "0-1"]
[WhiteElo "1734"]
[BlackElo "1914"]
[PlyCount "82"]
[EventDate "2008.07.04"]
[EventType "swiss"]
[EventRounds "9"]
[EventCountry "POL"]
[SourceTitle "EXT 2023"]
[Source "ChessBase"]
[SourceDate "2022.10.05"]
[SourceVersion "1"]
[SourceVersionDate "2022.10.05"]
[SourceQuality "1"]

1. e4 c5 2. Nf3 Nc6 3. d4 cxd4 4. Nxd4 e6 5. Nc3 Nf6 6. Be3 Bb4 7. f3 Qa5 8. Ndb5 0-0 9. a3 Bxc3+ 10. Nxc3 a6 11. b4 Qc7 12. Bc5 Qe5 13. Qd2 Re8 14. Bd6 Qd4 15. Qxd4 Nxd4 16. 0-0-0 Nc6 17. Na4 b5 18. Nc3 Bb7 19. e5 Nd5 20. Rxd5 exd5 21. Nxd5 Rac8 22. Nb6 Rcd8 23. Bc7 Nxe5 24. Bxd8 Rxd8 25. Kb2 d5 26. a4 Rd6 27. a5 Nc6 28. Ka3 Re6 29. Nxd5 Nd4 30. c4 Bxd5 31. cxd5 Re3+ 32. Ka2 Kf8 33. g3 Ke7 34. Bh3 Kd6 35. Bc8 Kxd5 36. Bxa6 Kc4 37. Bb7 Re2+ 38. Kb1 Nb3 39. Rd1 Kc3 40. Rc1+ Nxc1 41. Ba6 Nb3 0-1

[Event "Kowalewo Pomorskie op-B"]
[Site "Kowalewo Pomorskie"]
[Date "2007.07.14"]
[Round "7.2"]
[White "Hrynkiewicz, Bartosz"]
[Black "Sobczynski, Roman"]
[Result "1/2-1/2"]
[WhiteElo "1957"]
[BlackElo "1808"]
[PlyCount "41"]
[EventDate "2007.07.04"]
[EventType "swiss"]
[EventRounds "9"]
[EventCountry "POL"]
[SourceTitle "EXT 2023"]
[Source "ChessBase"]
[SourceDate "2022.10.05"]
[SourceVersion "1"]
[SourceVersionDate "2022.10.05"]
[SourceQuality "1"]

1. d4 d5 2. c4 e6 3. Nc3 Nf6 4. Bf4 c6 5. e3 Bd6 6. Bg3 Qe7 7. Nf3 Bxg3 8. hxg3 Ne4 9. Bd3 f5 10. Ne5 Qg5 11. Qe2 Nd7 12. Nxd7 Bxd7 13. Qh5+ Qxh5 14. Rxh5 0-0-0 15. Ke2 h6 16. Rah1 Rhf8 17. R5h4 Rde8 18. Bxe4 fxe4 19. cxd5 exd5 20. Rf4 Rxf4 21. gxf4 1/2-1/2